El aborto : (Record no. 180872)

MARC details
000 -CABECERA
campo de control de longitud fija 00631nam a2200205 u 4500
005 - FECHA Y HORA DE LA ÚLTIMA TRANSACCIÓN
campo de control 20220816162151.0
008 - ELEMENTOS DE LONGITUD FIJA--INFORMACIÓN GENERAL
campo de control de longitud fija 160307s2001 r 000 0 eng d
020 ## - NÚMERO INTERNACIONAL NORMALIZADO PARA LIBROS
Número Internacional Estándar del Libro 968784535X
035 ## - NÚMERO DE CONTROL DEL SISTEMA
Número de control de sistema UPN01000208771
049 ## - COLECCIÓN
Colección CG
050 #4 - SIGNATURA TOPOGRÁFICA DE LA BIBLIOTECA DEL CONGRESO
Número de clasificación HQ767.15
Número de documento/Ítem R4.2
100 1# - ASIENTO PRINCIPAL--NOMBRE PERSONAL
Nombre de persona Rentería Díaz, Adrián,
Fechas asociadas al nombre 1956-
9 (RLIN) 39034
245 13 - MENCIÓN DE TÍTULO
Título El aborto :
Resto del título entre la moral y el derecho /
Mención de responsabilidad, etc. Adrián Rentería Díaz.
260 ## - PUBLICACIÓN, DISTRIBUCIÓN, ETC.
Lugar de publicación, distribución, etc. México :
Nombre del editor, distribuidor, etc. UACJ,
Fecha de publicación, distribución, etc. 2001.
300 ## - DESCRIPCIÓN FÍSICA
Extensión 237 p.
650 #7 - ASIENTO SECUNDARIO DE MATERIA - TERMINO TEMATICO
Término de materia o nombre geográfico como elemento de entrada Aborto
Subdivisión general Aspectos morales y éticos
Subdivisión geográfica México
Fuente del encabezamiento o término
9 (RLIN) 24952
650 #7 - ASIENTO SECUNDARIO DE MATERIA - TERMINO TEMATICO
Término de materia o nombre geográfico como elemento de entrada Aborto
Subdivisión de forma Leyes y legislación
Subdivisión geográfica México
Fuente del encabezamiento o término
9 (RLIN) 23133
905 ## - TIPO DE MATERIAL
Tipo de material Libro
Holdings
Estado de retiro Estado de pérdida Fuente del sistema de clasificación o colocación Estado dañado No para préstamo Código de colección Localización permanente Ubicación/localización actual Ubicación en estantería Total de préstamos Clasificación Código de barras Fecha visto por última vez Número de copia Tipo de ítem Koha
    Library of Congress Classification     Colección General Bib. Gregorio Torres Quintero Bib. Gregorio Torres Quintero Planta baja 7 HQ767.15 R4.2 306807 31/12/2020 1 Libro